书目信息 |
| 题名: |
有限单元法的综合理论
|
|
| 作者: | 鲁宾逊 , Robinson 著 ;邹焕新 译 | |
| 分册: | ||
| 出版信息: | 北京 人民教育出版社 1981 |
|
| 页数: | 432页 | |
| 开本: | 21cm | |
| 丛书名: | ||
| 单 册: | ||
| 中图分类: | O242.21 | |
| 科图分类: | ||
| 主题词: | 有限元法--理论 | |
| 电子资源: | ||
| ISBN: | ||
| 000 | 00759nam0 2200253 45 | |
| 001 | 0181004775 | |
| 005 | 20060820155554.39 | |
| 010 | @dCNY1.25 | |
| 091 | @aCN@b13012.0631 | |
| 100 | @a19950525d1981 em y0chiy0121 ea | |
| 101 | 1 | @achi@ceng |
| 102 | @aCN@b110000 | |
| 105 | @ay z 000yy | |
| 200 | 10 | @a有限单元法的综合理论@Ayou xian dan yuan fa de zong he li lun@f(美)鲁宾逊(John Robinson)著@g邹焕新等译@Gzou huan xin deng yi |
| 210 | @a北京@c人民教育出版社@d1981 | |
| 215 | @a432页@d21cm | |
| 606 | @a有限元法@x理论 | |
| 690 | @aO242.21@v3 | |
| 701 | 1 | @a鲁宾逊@Alu bin xun@bJ.@4著 |
| 701 | A1 | @aRobinson@bJ.@4著 |
| 702 | 0 | @a邹焕新@Azou huan xin@4译 |
| 801 | 0 | @aCN@bTSSF@c20060820 |
| 801 | 2 | @aCN@bNLC@c20060727 |
| 905 | @a10447@dO242.21@e25 | |
| 有限单元法的综合理论/(美)鲁宾逊(John Robinson)著/邹焕新等译.-北京:人民教育出版社,1981 |
| 432页;21cm |
| ISBN :CNY1.25 |
| ● |
| 相关链接 |
|
|
|
|
正题名:有限单元法的综合理论
索取号:O242.21/25
 
预约/预借
| 序号 | 登录号 | 条形码 | 馆藏地/架位号 | 状态 | 备注 |
| 1 | 0442495 | 204424952 | 密集书库/ [索取号:O242.21/25] | 在馆 | |
| 2 | 0471698 | 204716986 | 密集书库/ [索取号:O242.21/25] | 在馆 |